| 000 | 01376aam a2200325 4500 | ||
|---|---|---|---|
| 001 | 20330 | ||
| 003 | CO-MdFUSB | ||
| 005 | 20180622074838.0 | ||
| 008 | 170609t1999 xxu||||f |||| 00| 0 eng d | ||
| 020 | _a0-8028-4453-7 | ||
| 040 |
_aCO-MdFUSB _bspa _cCO-MdFUSB _dCO-MdFUSB _erda |
||
| 041 | _aeng | ||
| 082 |
_224 _aG 232 _bH753o |
||
| 100 | 1 |
_aHolmgren, Frederick C. _eautor |
|
| 245 | 1 | 4 |
_aThe Old Testament and the significance of Jesus _b: Embracing change, maintaining Christian identity _c/ Frederick C. Holmgren |
| 264 | 1 |
_aGrand Rapids, Michigan : _bWilliam B. Eerdmans Publishing, _c℗1999 |
|
| 264 | 4 | _c©1999 | |
| 300 |
_axviii, 204 páginas _b: _c; |
||
| 336 |
_2rdacontent _a1 _ba1 |
||
| 337 |
_2rdamedia _a2 _b5 |
||
| 338 |
_2rdacarrier _a2 _b5 |
||
| 501 | _aIncluye índices (p. 196-204) | ||
| 505 | 0 | 0 | _aLas denuncias proféticas de Israel - Encontrando a Jesús en la profundidad del Antiguo Testamento - "Y se cumplió" - Jesús y el pacto del Sinaí - Israel y el "nuevo pacto" en Jeremías 31: 31-34 - Jesús y el "nuevo pacto" en Jeremías 31: 31-34 - La proclamación de Jesús en el Nuevo Testamento - El Antiguo Testamento y el "nuevo" en Jesús - Jesús: Humano y divino |
| 563 | _aRústico | ||
| 600 | 0 | 7 | _aJesucristo |
| 630 | 0 | 7 |
_aBiblia. _pAntiguo Testamento |
| 650 | 7 |
_9239 _aCristología |
|
| 942 | _cBK | ||
| 999 |
_c46681 _d46681 |
||